Guess the Movie/TV Show - Pixelated Images #10 - Statistics

General Stats
  • This quiz has been taken 47 times
  • The average score is 10 of 15
Answer Stats
Picture Hint Answer % Correct
1995 Toy Story
98%
2003 Pirates of the Caribbean Series
90%
1967 The Jungle Book
90%
2009 Up
90%
2016 Suicide Squad
88%
1951 Alice in Wonderland
83%
1988 Beetlejuice
83%
2010–2018 Adventure Time
71%
2015–2018 Daredevil
69%
1980 Friday the 13th
64%
2016 Moana
64%
1959 Sleeping Beauty
60%
2004–2007 Danny Phantom
43%
1986 Stand by Me
24%
1999 The Thomas Crown Affair
5%
No matching quizzes found
Score Distribution
Percent of People with Each Score
Percentile by Number Answered
Your Score History
You have not taken this quiz